书目信息 |
| 题名: |
函数逼近的理论与方法
|
|
| 作者: | 徐利治 编著 | |
| 分册: | ||
| 出版信息: | 上海 上海科学技术出版社 1983 |
|
| 页数: | 283页 | |
| 开本: | 19cm | |
| 丛书名: | ||
| 单 册: | ||
| 中图分类: | O174.41 | |
| 科图分类: | ||
| 主题词: | 函数逼近论 | |
| 电子资源: | ||
| ISBN: | ||
| 000 | 00645nam0 2200229 45 | |
| 001 | 0183012185 | |
| 005 | 20060813105936.12 | |
| 010 | @dCNY0.86 | |
| 091 | @a13119.1066 | |
| 100 | @a19950407d1983 em y0chiy0121 ea | |
| 101 | 0 | @achi |
| 102 | @aCN@b310000 | |
| 105 | @ay 000yy | |
| 200 | 10 | @a函数逼近的理论与方法@Ahan shu bi jin de li lun yu fang fa@f徐利治等编著@Fxu li zhi deng bian zhu |
| 210 | @a上海@c上海科学技术出版社@d1983 | |
| 215 | @a283页@d19cm | |
| 606 | @a函数逼近论 | |
| 690 | @aO174.41@v3 | |
| 701 | 0 | @a徐利治@Axu li zhi@4编著 |
| 801 | 0 | @aCN@b上海图书馆@c20060813 |
| 801 | 2 | @aCN@bNLC@c20060727 |
| 905 | @dO174.41@e48 | |
| 函数逼近的理论与方法/徐利治等编著.-上海:上海科学技术出版社,1983 |
| 283页;19cm |
| ISBN :CNY0.86 |
| ● |
| 相关链接 |
|
|
|
|
正题名:函数逼近的理论与方法
索取号:O174.41/48
 
预约/预借
| 序号 | 登录号 | 条形码 | 馆藏地/架位号 | 状态 | 备注 |
| 1 | 0090012 | 001935605 | 第三借阅区/ [索取号:O174.41/48] | 在馆 | |
| 2 | 0090013 | 000422000 | 第三借阅区/ [索取号:O174.41/48] | 在馆 | |
| 3 | 0090014 | 000421993 | 第二样本阅览室/ [索取号:O174.41/48] | 在馆 | |
| 4 | 0442491 | 204424916 | 密集书库/ [索取号:O174.41/48] | 在馆 | |
| 5 | 0455221 | 204552215 | 密集书库/ [索取号:O174.41/48] | 在馆 | |
| 6 | 0455222 | 204552224 | 密集书库/ [索取号:O174.41/48] | 在馆 |